000 00683nam a2200265Ia 4500
003 OSt
005 20221006151132.0
006 a|||||r|||| 00| 0
007 ta
008 221006b |||||||| |||| 00| 0 jpn d
020 _c¥340
024 _a21,055
037 _bGift, Japan Foundation
_cTextual
040 _aEASL
_cEASL
_bjpn
041 _2jpn
_ajpn
082 _a1008252
100 _aARIYOSHI Sawako
_9647558
245 0 _aKi no kawa
260 _aTokyo
_bKadokawa Bunko Japan
_c1958
300 _a290p.
_ccm.
490 _v JL
650 _aJL
942 _h1008252
_cTEXL
_2CC
999 _c1089141
_d1089141